Sports Quiz

Random Sports Quiz

Útlendskir leikarar árini 2000-2017 Quiz Stats

 Plays Quiz not verified by Sporcle

Support Sporcle.
Go Orange.
Score 0/34 Timer 10:00
0 Plays Today
Ár Navn % Correct
2013Adeshina Lawal
81.9%
2014Adeshina Lawal
81.9%
2016Adeshina Lawal
81.9%
2017Adeshina Lawal
81.9%
2007Clayton Nascimento Soares
69%
2011Clayton Nascimento Soares
69%
2012Clayton Nascimento Soares
69%
2013Clayton Nascimento Soares
69%
2017Aleksandar Stankov
69%
2006Amed Davy Sylla
63.8%
2007Amed Davy Sylla
63.8%
2006Paul Clapson
61.2%
2007Paul Clapson
61.2%
2015Albert Adu
57.8%
2016Albert Adu
57.8%
2017Albert Adu
57.8%
2011Lukasz Cieslewicz
52.6%
Ár Navn % Correct
2013Lukasz Cieslewicz
52.6%
2015Lukasz Cieslewicz
52.6%
2009Ahmed Keita
51.7%
2005Sorin Anghel
49.1%
2006Sorin Anghel
49.1%
2007Sorin Anghel
49.1%
2009Károly Potemkin
45.7%
2016Sebastian Pingel
45.7%
2007Cardena Anderson
42.2%
2016Filip Djordjevic
39.7%
2006Christian Lundberg
31.9%
2007Christian Lundberg
31.9%
2008Silva Rodrigo
30.2%
2000Krzysztof Popczynski
15.5%
2011Muomaife Chris
15.5%
2000Marcello Marcelino
14.7%
2017Michal Przbylski
7.8%

You're not logged in!

Compare scores with friends on all Sporcle quizzes.
OR
Log In

From the Vault

Famous Quotes About 'R'

by citkeane

There really should be a joke about pirates in this quiz somewhere.
Remove Ads.
Support Sporcle.
Get the best of Sporcle when you Go Orange. This ad-free experience offers more features, more stats, and more fun while also helping to support Sporcle. Thank you for becoming a member.

Show Comments

Extras

Created Nov 26, 2017ReportNominate
Tags:land, mal, Navn, sum

Top Quizzes Today


Score Distribution

Your Account Isn't Verified!

In order to create a playlist on Sporcle, you need to verify the email address you used during registration. Go to your Sporcle Settings to finish the process.

Report this User

Report this user for behavior that violates our Community Guidelines.

Details: